| 000 | 01257cam a2200325 i 4500 | ||
|---|---|---|---|
| 999 |
_c499 _d499 |
||
| 001 | (Sirsi) a1002692 | ||
| 003 | OSt | ||
| 005 | 20190816151147.0 | ||
| 008 | 141006s2015 mau d 000 1 eng | ||
| 010 | _a2014953457 | ||
| 020 | _a9780763694425 | ||
| 040 |
_aYDXCP _beng _cYDXCP _dBDX _dBTCTA _dOCLCQ _dCLE _dOCLCO _dJAG _dCGP _dC9Z _dUAB _dVP@ _dOCLCF _dOCLCO _dILC _dDLC _dTAE _erda |
||
| 042 | _anbic | ||
| 082 | 0 | _aFIC WYN | |
| 100 | 1 |
_aWynne-Jones, Tim, _eauthor. |
|
| 245 | 1 | 4 |
_aThe emperor of any place / _cTim Wynne-Jones. |
| 250 | _aFirst edition. | ||
| 264 | 1 |
_aSomerville, Massachusetts : _bCandlewick Press, _c2015. |
|
| 300 |
_a324 pages ; _c24 cm. |
||
| 336 |
_atext _btxt _2rdacontent. |
||
| 337 |
_aunmediated _bn _2rdamedia. |
||
| 338 |
_avolume _bnc _2rdacarrier. |
||
| 520 | _aWhen Evan's father dies suddenly, he finds the book his father had been reading, a diary of a Japanese soldier stranded on a Pacific Island during World War II. There was also an American soldier stranded there. | ||
| 521 | 1 | _aAges 13-18. | |
| 650 | 0 |
_aFamilies _vJuvenile fiction. |
|
| 650 | 0 |
_aDiaries _vJuvenile fiction. |
|
| 650 | 0 |
_aSoldiers _vJuvenile fiction. |
|
| 650 | 0 |
_aWorld War, 1939-1945 _zIslands of the Pacific _vJuvenile fiction. |
|
| 942 |
_2ddc _cFIC |
||